| 000 | 00897nam a2200229 a 4500 | ||
|---|---|---|---|
| 001 | 000006373 | ||
| 005 | 20200929153925.0 | ||
| 008 | 090828s2008 dr 000 0 spa d | ||
| 040 |
_aDO-SdBNP _bspa _cBNPHU |
||
| 082 |
_a324.97293 _bA162c |
||
| 100 | 1 |
_aAbreu, Radamés _92771 |
|
| 245 | 1 | 3 |
_aEl colapso de los partidos / _cRadamés Abreu ; correción Pastora Méndez. |
| 260 |
_aSanto Domingo : _bAmigo del Hogar, _c2008. |
||
| 300 |
_a256 p. ; _c22 cm. |
||
| 500 | _aIncluye referencias bibliográficas y notas al pie de las páginas. | ||
| 504 | _aBibliografía: p.249-256. | ||
| 590 | _aInventariado, 2019/MFF | ||
| 650 | 4 |
_aPartidos políticos _zRepública Dominicana _vENSAYOS, CONFERENCIAS, ETC. _917734 |
|
| 650 | 4 |
_aRepública dominicana _xPolítica y gobierno _vENSAYOS, CONFERENCIAS, ETC. _913214 |
|
| 700 | 1 |
_aMéndez, Pastora, _eed. _92997 |
|
| 910 | _aValidado. Control de calidad EMS. | ||
| 999 |
_c6168 _d6168 |
||